Turkey City Quiz - Statistics

General Stats
  • This quiz has been taken 91 times
  • The average score is 15 of 24
Answer Stats
City % Correct
Istanbul
98%
Ankara
95%
Antalya
88%
Izmir
88%
Adana
83%
Bursa
80%
Gaziantep
75%
Konya
71%
Mersin
64%
Samsun
61%
Sanliurfa
58%
Balikesir
56%
Diyarbakir
54%
Van
54%
Hatay
53%
Kayseri
51%
Denizli
48%
Mugla
46%
Aydin
45%
Kocaeli
45%
Kahramanmaras
43%
Tekirdag
40%
Manisa
38%
Sakarya
30%
No matching quizzes found
Score Distribution
Percent of People with Each Score
Percentile by Number Answered
Your Score History
You have not taken this quiz